University transcultural space: everyday cultural practice of foreign students; Вестник науки Сибири; № 3 (9)
| Parent link: | Вестник науки Сибири: электронный научный журнал/ Томский политехнический университет (ТПУ).— , 2011-.— 2226-0064 № 3 (9).— 2013.— [С. 156-160] |
|---|---|
| Huvudupphovsman: | |
| Övriga upphovsmän: | |
| Sammanfattning: | Заглавие с титульного листа Показано, что площадкой для отслеживания динамики траскультурных процессов является образовательная среда. Академическая мобильность позволяет интегрировать собственные культурные атрибуты человека в новую среду, распространяя тенденции транскультурности. Мобильность трансформирует мировосприятие, пространственно-временные и культурные границы. Сделан вывод о том, что транскультурная среда стимулирует к осознанию ситуации наличия "своей" и "чужой" культуры, необходимости выбирать оптимальные пути взаимодействия с "Другим", сравнительному анализу культур через повседневные культурные практики, толерантному отношению к представителям других культур и самовосприятию в ином культурном контексте. |
| Språk: | engelska |
| Publicerad: |
2013
|
| Serie: | Общественные науки |
| Ämnen: | |
| Länkar: | http://earchive.tpu.ru/handle/11683/16452 |
| Materialtyp: | Elektronisk Bokavsnitt |
| KOHA link: | https://koha.lib.tpu.ru/cgi-bin/koha/opac-detail.pl?biblionumber=518143 |
MARC
| LEADER | 00000naa2a2200000 4500 | ||
|---|---|---|---|
| 001 | 518143 | ||
| 005 | 20240223153434.0 | ||
| 035 | |a (RuTPU)RU\TPU\prd\196652 | ||
| 035 | |a RU\TPU\prd\195861 | ||
| 090 | |a 518143 | ||
| 100 | |a 20131008d2013 k y0rusy50 ca | ||
| 101 | 0 | |a eng | |
| 102 | |a RU | ||
| 135 | |a drnn ---uucaa | ||
| 181 | 0 | |a i | |
| 182 | 0 | |a b | |
| 200 | 1 | |a University transcultural space: everyday cultural practice of foreign students |d Университетская транскультурная среда: повседневные культурные практики студентов-иностранцев |f N. A. Kolodiy, T. V. Konyukhova | |
| 203 | |a Текст |c электронный | ||
| 215 | |a 1 файл (537 Кб) | ||
| 225 | 1 | |a Общественные науки | |
| 300 | |a Заглавие с титульного листа | ||
| 320 | |a [Библиогр.: с. 160 (5 назв.)] | ||
| 330 | |a Показано, что площадкой для отслеживания динамики траскультурных процессов является образовательная среда. Академическая мобильность позволяет интегрировать собственные культурные атрибуты человека в новую среду, распространяя тенденции транскультурности. Мобильность трансформирует мировосприятие, пространственно-временные и культурные границы. Сделан вывод о том, что транскультурная среда стимулирует к осознанию ситуации наличия "своей" и "чужой" культуры, необходимости выбирать оптимальные пути взаимодействия с "Другим", сравнительному анализу культур через повседневные культурные практики, толерантному отношению к представителям других культур и самовосприятию в ином культурном контексте. | ||
| 337 | |a Adobe Reader | ||
| 461 | 1 | |0 (RuTPU)RU\TPU\prd\143680 |x 2226-0064 |t Вестник науки Сибири |o электронный научный журнал |f Томский политехнический университет (ТПУ) |d 2011- | |
| 463 | 1 | |0 (RuTPU)RU\TPU\prd\196491 |t № 3 (9) |v [С. 156-160] |d 2013 | |
| 510 | 1 | |a Университетская транскультурная среда: повседневные культурные практики студентов-иностранцев |z rus | |
| 610 | 1 | |a транскультура | |
| 610 | 1 | |a повседневность | |
| 610 | 1 | |a интеркультурализм | |
| 610 | 1 | |a культурные практики | |
| 610 | 1 | |a мультиркультурализм | |
| 610 | 1 | |a студенты | |
| 610 | 1 | |a иностранцы | |
| 610 | 1 | |a труды учёных ТПУ | |
| 610 | 1 | |a электронный ресурс | |
| 700 | 1 | |a Kolodiy |b N. A. |c specialist in the field of cultural studies and social communication |c Professor of Tomsk Polytechnic University, Candidate of philosophical sciences |f 1958- |g Nataliya Andreevna |3 (RuTPU)RU\TPU\pers\31367 |9 15539 | |
| 701 | 1 | |a Konyukhova |b T. V. |c philosopher |c Associate Professor of Tomsk Polytechnic University, Candidate of philosophical sciences |f 1980- |g Tatiana Vasilievna |3 (RuTPU)RU\TPU\pers\30795 |9 15051 | |
| 801 | 1 | |a RU |b 63413507 |c 20090623 |g PSBO | |
| 801 | 2 | |a RU |b 63413507 |c 20180115 |g PSBO | |
| 856 | 4 | |u http://earchive.tpu.ru/handle/11683/16452 | |
| 942 | |c BK | ||